Click the Bordering Country - Statistics

General Stats
  • This quiz has been taken 117 times
    94 since last reset
  • The average score is 11 of 16
Answer Stats
Hint Answer % Correct
Uruguay Brazil
77%
Indonesia Papua New Guinea
77%
Kosovo Albania
76%
Chile Bolivia
75%
Tajikistan Afghanistan
72%
Malaysia Brunei
70%
Norway Russia
70%
Canada Denmark
69%
Senegal Mali
69%
Republic of Congo Angola
63%
South Sudan Kenya
62%
Cameroon Chad
61%
Serbia Romania
59%
Turkey Iran
58%
Slovenia Italy
56%
Slovakia Ukraine
56%
No matching quizzes found
Score Distribution
Percent of People with Each Score
Percentile by Number Answered
Your Score History
You have not taken this quiz since the last reset